000 00585nam a2200217Ia 4500
005 20230713103603.0
008 131103s9999 xx 000 0 und d
020 _cRs.14.00
040 _aLoreto College
041 _aEnglish
082 _a630.954
_bKUM
100 _aKumar, L. S. S.
245 _aAgriculture in India
_cL.S.S.Kumar
260 _aBombay
_bAsia publishing
_c1963
300 _axxiv,252p.
_b ill.figures
504 _aIncludes appendix and index
650 _aAgriculture -
651 _aAgriculture and related tecnologies -
850 _aLCLIB
942 _cBK
999 _c1815
_d52294